Theory of Machine (Record no. 3728)

MARC details
000 -LEADER
fixed length control field 00427nam a22001697a 4500
005 - DATE AND TIME OF LATEST TRANSACTION
control field 20160623164443.0
008 - FIXED-LENGTH DATA ELEMENTS--GENERAL INFORMATION
fixed length control field 160623b xxu||||| |||| 00| 0 eng d
020 ## - INTERNATIONAL STANDARD BOOK NUMBER
ISBN 81-219-2524-X
041 ## - LANGUAGE CODE
Language code of text/sound track or separate title eng
082 ## - DEWEY DECIMAL CLASSIFICATION NUMBER
Item number 9470
100 ## - MAIN ENTRY--AUTHOR NAME
Personal name Khurmi. R.S. and Gupta. J.K.
245 ## - TITLE STATEMENT
Title Theory of Machine
260 ## - PUBLICATION, DISTRIBUTION, ETC. (IMPRINT)
Place of publication New Delhi
Name of publisher Sultan Chand & Sons,
Year of publication 2014
300 ## - PHYSICAL DESCRIPTION
Number of Pages 1062
650 ## - SUBJECT ADDED ENTRY--TOPICAL TERM
Topical Term Diploma Engineering
942 ## - ADDED ENTRY ELEMENTS (KOHA)
Koha item type Books
Holdings
Lost status Damaged status Home library Current library Shelving location Date acquired Cost, normal purchase price Full call number Accession Number Koha item type
    JRU Library   SHELF-43-L 23/06/2016 750.00 9470 9470 Books
    JRU Library   SHELF-43-K 23/06/2016 750.00 9470 9471 Books
    JRU Library   SHELF-43-K 23/06/2016 750.00 9470 9472 Books
    JRU Library   SHELF-43-K 23/06/2016 750.00 9470 9473 Books
    JRU Library   SHELF-43-K 23/06/2016 750.00 9470 9474 Books